000 00401nam a2200169Ia 4500
008 221030s9999 xx 000 0 und d
020 _a0070486514
041 _aEnglish
082 _a105.23
_bNea
100 _aD. A. Neamen
245 0 _aElectronic Circuit Analysis & Design
_cby D. A. Neamen
250 _a2nd
260 _bTMH
_aNew Delhi
_c2002
300 _a1232
650 _aECE
942 _cBK
999 _c8345
_d8345